| 000 | 00430cam a2200181ua 4500 | ||
|---|---|---|---|
| 020 | _c27.50 | ||
| 041 |
_aeng _h |
||
| 082 |
_a536 _bAGA/TH |
||
| 100 | _aAgarwal, B K . | ||
| 245 |
_aThermal physics / _cB K Agarwal. _hTextual Documents |
||
| 250 |
_a1 / _b. |
||
| 260 |
_aAllahabad : _bLokbharti Publications , _c1982. |
||
| 300 | _a386 ; . | ||
| 365 | _a27.50 | ||
| 504 | _a | ||
| 942 | _cBK | ||
| 999 |
_c11054 _d11054 |
||